000 00897cam a2200289 a 4500
001 000001709
003 DO-SdBNP
005 20220915113231.0
008 060920s2000 ja 001 0a spa d
020 _a4569609864
040 _aDO-SdBNP
_bspa
_cBPMSU
082 _a321.8
_bL477t 2000
_222
100 1 _aLee, Teng-hui.
_d1923-
245 1 3 _aEl camino hacia la democracia :
_bTaiwan busca su identidad /
_cLee Teng-hui; traducción PHP institute.
246 1 3 _aTaiwan busca su identidad
260 _aTokio, Japón
_bPHP Institiute,
_c2000.
300 _a232 p. ;
_c22 cm.
500 _aIncluye datos biográficos del autor
500 _aIncluye índice.
534 _aTaiwan no shucho.
590 _6Inventariado, 2022/VM
650 4 _aDemocracia
_z Taiwan
_x
651 4 _aTaiwán
_xPolítica y gobierno
710 2 _aPHP institute,
910 _aVMateo V./ Validado
942 _2ddc
_cBK
999 _c14261
_d14261